Plant physiological responses to water stress (Registro nro. 10922)

Detalles MARC
000 -CABECERA
Campo de control 004170000a22001450004500
090 ## - CLASIFICACIÓN LOCAL
Colección AR
Consecutivo 01845
041 0# - IDIOMA
Código de idioma para texto/pista de sonido o título separado
100 1# - ASIENTO PRINCIPAL--NOMBRE PERSONAL
Nombre personal Sullivan, Charles Y.
245 10 - MENCION DE TITULO
Título Plant physiological responses to water stress
650 14 - ASIENTO SECUNDARIO DE MATERIA - TERMINO TEMATICO
Término temático o nombre geográfico como elemento de entrada Fisiología vegetal
650 14 - ASIENTO SECUNDARIO DE MATERIA - TERMINO TEMATICO
Término temático o nombre geográfico como elemento de entrada Horticultura
650 14 - ASIENTO SECUNDARIO DE MATERIA - TERMINO TEMATICO
Término temático o nombre geográfico como elemento de entrada Fotosíntesis
773 1# - Item fuente:
Título Agricultural Meteorology
Especificación de materiales 612
Descripción física 14
Paginas del Articulo 113-125
Lugar, editorial y fecha de publicación 1974
942 ## - ELEMENTOS ADICIONALES (KOHA)
Tipo de ítem Artículo
Existencias
Withdrawn status Lost status Damaged status No para préstamo Colección Ubicación Permanente Ubicación actual Fecha de adquisición Fuente de Valor Datos de publicación Seriada Total Checkouts Número topográfico Inventario / Código de Barras Date last seen Ejemplar Price effective from Forma de adquisición Tipo de material
      No para Préstamo Hemeroteca Bogotá Bogotá 27/02/2015 Muñoz Saba, Yaneth Fuera de circulación   AR 01845 012209 25/03/2015 1 25/03/2015   Artículo